La prescripción de la acción para impugnar el acto administrativo (Registro nro. 16745)
[ vista simple ]
| 000 -LEADER | |
|---|---|
| fixed length control field | 00352 a2200109 4500 |
| 001 - CONTROL NUMBER | |
| control field | ART_16885 |
| 005 - DATE AND TIME OF LATEST TRANSACTION | |
| control field | 20260410161718.0 |
| 008 - FIXED-LENGTH DATA ELEMENTS--GENERAL INFORMATION | |
| fixed length control field | 260409a |
| 100 1# - MAIN ENTRY--PERSONAL NAME | |
| Personal name | Aberastury, Pedro |
| 245 10 - TITLE STATEMENT | |
| Title | La prescripción de la acción para impugnar el acto administrativo |
| 773 0# - HOST ITEM ENTRY | |
| Title | Derecho administrativo |
| Related parts | - Nº 87 (mayo/jun. 2013) |
| Record control number | REV1721 |
No hay ítems disponibles.